000 00644nam a22001937a 4500
005 20250228075224.0
008 250228b |||||||| |||| 00| 0 eng d
040 _aKMU
_cKMU
_dKMU
100 _aMwamba, Rosaria
245 _aEffect of Aloe Barbahensis Miller (Aloe Vera) extract on the control of Blight (Early and Late) disease in tomato (Lycopersicon esculenium Miller)/
_cMwamba, Rosaria
260 _aChinsali;
_bKMU,
_c2020
300 _a20p.:
_bill.;
_c2020.
650 _aAgroforestry.
650 _aAloe Barbahensis Miller.
650 _aAloe Vera.
650 _aBlight.
650 _aLycopersicon esculenium Miller.
942 _cPR
_n0
999 _c1679
_d1679